| 000 | 00997nam a2200217 i 4500 | ||
|---|---|---|---|
| 001 | 160215 | ||
| 003 | ES-MaACL | ||
| 005 | 20240209210039.0 | ||
| 008 | 990428s1895 sp |||| | spa d | ||
| 100 | 1 |
_aMoret, Segismundo, _d1833-1913 _9162747 |
|
| 245 | 1 | 0 | _aDiscurso leído por el Excmo. Sr. D. Segismundo Moret el día 9 de noviembre de 1895 en el Ateneo Científico y Literario de Madrid, con motivo de la apertura de sus cátedras. |
| 260 |
_aMadrid : _b[s.n.], _c1895 ( _fEstab. tip. "Sucesores de Rivadeneyra") |
||
| 300 |
_a47 p. ; _c25 cm. |
||
| 530 | _aDisponible en formato digital. | ||
| 594 | _aTema: El referéndum. | ||
| 610 | 2 | 4 |
_aAteneo de Madrid- _vDiscursos de apertura- _yS.XIX. _91912 |
| 650 | 4 |
_aReferéndum. _9159224 |
|
| 852 | 4 |
_aES-MaACL _jB-1628(1) _z- Enc. pasta española, conservando cub. original _z- Enc. en un vol. facticio |
|
| 856 | 4 |
_uhttp://bdh-rd.bne.es/viewer.vm?id=0000088488&page=1 _zBiblioteca Digital Hispánica |
|
| 999 |
_c160215 _d160215 |
||